00937nam a2200217Ia 4500008004100000020001500041050002000056100003600076245005800112250001700170260004300187300002500230336001000255337001400265338001200279490005000291500004700341504004100388505026900429650002100698120625s2005 mx 001 0 spa d a970613803X 4aK147 bO83 20051 aOvalle Favela, Josée, autor. aTeoría general del proceso / cJosé Ovalle Favela a6a edición3 aMéxicob : Oxford Universityc, 2005 axxxii, 360 páginas aTexto aSin medio aVolumen0 aColección textos jurídicos universitarios aIncluye índice analítico (pp. 351-360) aIncluye bibliografía (pp. 337-350)1 aLitigio y medios de solución Derecho procesal Jurisdicción División de poderes Acción y excepción Proceso Juzgador Garantias judiciales Tribunales del trabajo Ministrio público Partes y otros participantes Acto Actos procesales Prueba Impugnación14aDERECHO PROCESAL